000
00283nam a22001337a 4500
003
SGT
020
_a
9789383064656
082
_a
320
_b
A16T
100
_a
THAROOR, SHASHI
245
_a
AN ERA OF DARKNESS
260
_b
ALEPH BOOK COMPANY
_c
2016
300
_a
333
942
_2
ddc
_c
BK
999
_c
31932
_d
31932